The economics of exchange rates (Registro nro. 302848)
[ vista simple ]
| 000 -ENCABEZADO | |
|---|---|
| Número de control [NR] | 01052cam a2200289 a 4500 |
| 005 - FECHA Y HORA DE LA ÚLTIMA TRANSACCIÓN | |
| control field | 20160329073603.0 |
| 008 - DE LONGITUD FIJA DE DATOS DE ELEMENTOS - INFORMACIÓN GENERAL | |
| Elementos de longitud fija [NR] | 160329s2002 enkd fr 001 0 eng d |
| 010 ## - NUMERO DE CONTROL DE LA BIBLIOTECA DEL CONGRESO (LC) [NR] | |
| Número de control LC [NR] | 2002073442 |
| 020 ## - NUMERO INTERNACIONAL NORMALIZADO PARA LIBROS [R] | |
| Número Internacional Normalizado del libro [NR] | 9780521485845 |
| 020 ## - NUMERO INTERNACIONAL NORMALIZADO PARA LIBROS [R] | |
| Número Internacional Normalizado del libro [NR] | 9780521485843 |
| 040 ## - FUENTE DE CATALOGACION [NR] | |
| Agencia de catalogación original [NR] | CO-BoUCM |
| Idioma de catalogación [NR] | spa |
| Quien Cataloga | Sandra Palacio |
| Quien Clasifica | Sandra Palacio |
| 041 0# - CODIGO DE IDIOMA [R] | |
| Código de idioma para texto/pista de sonido o título separado [R] | Inglés |
| 100 1# - ASIENTO PRINCIPAL--NOMBRE PERSONAL [NR] | |
| Nombre personal [NR] | Sarno, Lucio |
| Fechas asociadas con el nombre [NR] | 1970- |
| ID Autoridad | 76347 |
| 245 14 - MENCION DE TITULO [NR] | |
| Título [NR] | The economics of exchange rates |
| Mención de responsabilidad, etc. [NR] | Lucio Sarno y Mark Taylor ; con un prólogo de Jeffrey Alexander Frankel |
| 260 ## - PUBLICACION, DISTRIBUCION, ETC. (PIE DE IMPRENTA) [R] | |
| Lugar de publicación, distribución, etc. [R] | Cambridge (Inglaterra) |
| Nombre del editor, distribuidor, etc. [R] | Cambridge University Press |
| Fecha de publicación, distribución, etc. [R] | 2002 |
| 300 ## - DESCRIPCION FISICA [R] | |
| Extensión [R] | xii, 318 páginas |
| Otros detalles físicos [NR] | tablas y gráficas |
| 541 ## - NOTA DE FUENTE INMEDIATA DE ADQUISICION [R] | |
| Fuente de adquisición [NR] | Todo Libros Salazar; |
| Método de adquisición [NR] | Compra; |
| Fecha de adquisición [NR] | 2007/Ago./29; |
| Precio de compra [NR] | $86.000; |
| Extensión [R] | 1 c. |
| 650 #7 - ASIENTO SECUNDARIO DE MATERIA - TERMINO TEMATICO [R] | |
| Término temático o nombre geográfico como elemento de entrada [NR] | Tasas de cambio |
| 9 (RLIN) | 76348 |
| 650 #7 - ASIENTO SECUNDARIO DE MATERIA - TERMINO TEMATICO [R] | |
| Término temático o nombre geográfico como elemento de entrada [NR] | Cambio exterior |
| 9 (RLIN) | 10354 |
| 653 ## - TERMINO DE INDIZACION - NO CONTROLADO [R] | |
| Término de indización no controlado [R] | Tipos de cambio |
| 690 ## - ASUNTO AGREGADO LOCAL DE ENTRADA - TÉRMINO TEMÁTICO (OCLC, RLIN) | |
| Acceso temático local | Econometría |
| 9 (RLIN) | 13653 |
| 690 ## - ASUNTO AGREGADO LOCAL DE ENTRADA - TÉRMINO TEMÁTICO (OCLC, RLIN) | |
| Acceso temático local | Finanzas |
| 9 (RLIN) | 7628 |
| 700 1# - ASIENTO SECUNDARIO - NOMBRE PERSONAL [R] | |
| Nombre personal [NR] | Taylor, Mark P. |
| Fechas asociadas con el nombre [NR] | 1958- |
| 9 (RLIN) | 76349 |
| 700 1# - ASIENTO SECUNDARIO - NOMBRE PERSONAL [R] | |
| Nombre personal [NR] | Frankel, Jeffrey Alexander |
| 9 (RLIN) | 76350 |
| 942 ## - ELEMENTOS DE ENTRADA AGREGADOS (KOHA) | |
| Sistema de clasificación | DEWEY |
| Tipo de ítem principal el descrito en 300a | Libro |
| Tema principal | Economía |
| Edición | 1 |
| Clasificación | 332.456 |
| Parte restante de la signatura top. | S246ec |
| Fecha de último préstamo | Total préstamos | Total Renewals | Signatura topográfica | Código de barras | Última vez visto | Ejemplar | Costo de reposición | Price effective from | Tipo de ítem | Nota pública (OPAC) | Perdido | Dañado | No prestable | Tipo de ítem específico | Suprimido | Ubicación habitual | Ubicación actual | Localización | Fecha de creación | Proveedor | Forma de adquisición | Costo |
|---|---|---|---|---|---|---|---|---|---|---|---|---|---|---|---|---|---|---|---|---|---|---|
| 14/05/2025 | 3 | 3 | 332.456 S246ec | 100148956 | 04/12/2025 | Ej.1 | 249283.00 | 15/03/2016 | Libro | Spot Finanzas | Libro | Claustro | Claustro | Mezanine | 15/03/2016 | 15 | Compra | 249283.00 | ||||
| 20/10/2025 | 3 | 1 | 332.456 S246ec | 100148957 | 04/12/2025 | Ej.2 | 249283.00 | 15/03/2016 | Libro | Spot Finanzas | Libro | Claustro | Claustro | Mezanine | 15/03/2016 | 15 | Compra | 249283.00 |